00556nam a2200121Ia 4500008004100000245025100041260003600292260000900328300000600337650002600343650001200369856005300381170516s9999 xx 000 0 und d aIn Vivo MR Microneurography of the Tibial and Common Peroneal Nerves, Paolo F. Felisaz, Eric Y. Chang, Irene Carne, Stefano Montagna, Francesco Balducci, Giulia Maugeri, Anna Pichiecchio, Fabrizio Calliada, Maurizia Baldi, and Stefano Bastianello bRadiology Research and Practice c2014 a: xRadiologic Technology xRadtech uhttps://www.hindawi.com/journals/rrp/contents/2/